Score 0/30 Timer 01:00
5 Plays Today
% Correct
France
71.6%
United States
70.6%
India
70.1%
Egypt
69.8%
Italy
67.6%
United Kingdom
66.7%
Brazil
66.1%
Peru
65%
Greece
64.7%
Japan
64.4%
South Africa
60.2%
Germany
56.3%
China
55.2%
Ireland
54.4%
Saudi Arabia
54.3%
% Correct
Canada
53.7%
Spain
53.1%
Tanzania
50.8%
Cambodia
50.4%
Jordan
48.7%
Mexico
46.5%
Australia
45.7%
Turkey
44.1%
Russia
42.6%
Malaysia
41.6%
Mali
34.4%
Israel
33.7%
Belgium
29.8%
Iceland
25%
Singapore
20.4%
Remove Ads.
Support Sporcle.
Get the best of Sporcle when you Go Orange. This ad-free experience offers more features, more stats, and more fun while also helping to support Sporcle. Thank you for becoming a member.

You're not logged in!

Compare scores with friends on all Sporcle quizzes.
OR
Log In

Show Comments

Extras

Top Quizzes Today


Score Distribution

Your Account Isn't Verified!

In order to create a playlist on Sporcle, you need to verify the email address you used during registration. Go to your Sporcle Settings to finish the process.

Report this User

Report this user for behavior that violates our Community Guidelines.

Details: